ادارة البيئة الصفية / (رقم التسجيلة. 144495)

تفاصيل مارك
000 -الفاتح
عناصر البيانات ثابتة الطول 00746cam a2200217 i 4500
005 - تاريخ ووقت آخر معاملة
حقل ضبط 20260129114328.0
008 - عناصر البيانات ثابتة الطول
عناصر البيانات ثابتة الطول 250721s2022 jo gr 000 0 ara d
082 14 - رقم تصنيف ديوي العشري
رقم التصنيف 371
رقم المادة ن و ف
100 1# - مدخل رئيسي – اسم شخصي
الاسم الشخصي نوفل، محمدبكر
علاقة الشخص بالعمل/ دوره مؤلف.
240 10 - عنوان مقنن
عنوان مقنن classroom environment management
245 10 - بيان العنوان
العنوان ادارة البيئة الصفية /
بيان المسؤولية الدكتور محمد بكر نوفل.
250 ## - بيان الطبعة
بيان الطبعة الطبعة الاولى.
264 31 - بيانات النشر، التوزيع…إلخ
مكان النشر، التوزيع...إلخ عمان :
اسم الناشر، الموزع...إلخ دار المسيرة،
تاريخ النشر، التوزيع...إلخ 2022.
300 ## - الوصف المادي
عدد الوحدات المكونة للوعاء 400صفحة.
650 17 - مدخل إضافي بالموضوع - مصطلح موضوعي
مصطلح موضوعي أو اسم جغرافي كعنصر مدخل الادارة الصفية.
650 17 - مدخل إضافي بالموضوع - مصطلح موضوعي
مصطلح موضوعي أو اسم جغرافي كعنصر مدخل مهارات التدريس.
650 17 - مدخل إضافي بالموضوع - مصطلح موضوعي
مصطلح موضوعي أو اسم جغرافي كعنصر مدخل المدرسون.
650 17 - مدخل إضافي بالموضوع - مصطلح موضوعي
مصطلح موضوعي أو اسم جغرافي كعنصر مدخل الادارة التربوية.
942 ## - بيانات إضافية (كوها)
نوع التنصيف Dewey Decimal Classification
نوع المادة (كوها) كتب
المقتنيات
حالة السحب حالة الفقدان مصدر التصنيف حالة التلف غير قابل للإعارة المكتبة الرئيسية المكتبة الحالية موقع الرف تاريخ التزويد الرقم المتسلسل Total Checkouts رقم الإستدعاء الباركود تاريخ آخر ظهور تاريخ الفاتورة نوع المادة (كوها)
    Dewey Decimal Classification     المكتبة المركزية المكتبة المركزية الإعارة 28/07/2025 1776696   371 / ن و ف PLD00503096 28/07/2025 28/07/2025 كتب
    Dewey Decimal Classification     مكتبة أبو علندا العامة مكتبة أبو علندا العامة الإعارة 01/03/2023 1776704   371/نوف PLD00503151 28/07/2025 01/03/2023 كتب
    Dewey Decimal Classification     مكتبة أم قصير والمقابلين العامة مكتبة أم قصير والمقابلين العامة الإعارة 01/03/2023 1776701   371/نوف PLD00503148 28/07/2025 01/03/2023 كتب
    Dewey Decimal Classification     مكتبة الأميرة ايمان العامة مكتبة الأميرة ايمان العامة الإعارة 01/03/2023 1776697   371/نوف PLD00503144 28/07/2025 01/03/2023 كتب
    Dewey Decimal Classification     مكتبة الاميرة بديعة مكتبة الاميرة بديعة الإعارة 01/03/2023 1776702   371/نوف PLD00503149 28/07/2025 01/03/2023 كتب
    Dewey Decimal Classification     مكتبة الجويدة مكتبة الجويدة الإعارة 01/03/2023 1776705   371/نوف PLD00503152 28/07/2025 01/03/2023 كتب
    Dewey Decimal Classification     مكتبة الحسن العامة مكتبة الحسن العامة الإعارة 01/03/2023 1776703   371/نوف PLD00503150 28/07/2025 01/03/2023 كتب
    Dewey Decimal Classification     مكتبة صويلح العامة مكتبة صويلح العامة الإعارة 01/03/2023 1776699   371/نوف PLD00503146 28/07/2025 01/03/2023 كتب
    Dewey Decimal Classification     مكتبة وادي السير العامة مكتبة وادي السير العامة الإعارة 01/03/2023 1776698   371/نوف PLD00503145 28/07/2025 01/03/2023 كتب
Implemented & Customized by: BBB with SCIT (Smart Chains for Information Technology)

Powered by Koha